Приключения Тома Сойера. Приключения Гекльберри Финна. Рассказы: пер. с англ.

Dades bibliogràfiques
Autor principal: Твен М. Марк
Altres autors: Мендельсон М. (автор предисловия), Горяев В. (иллюстратор)
Sumari:Произведения, вошедшие в настоящую книгу, многим хорошо знакомы. Но особенность творчества Марка Твена такова, что каждый раз, перечитывая даже любимые произведения, почти обязательно обнаруживаешь в них нечто неожиданное, новое, и в простом - довольно сложное, более содержательное, нежели представлялось в прошлом
Idioma:rus
Publicat: Москва, Художественная литература, 1971
Col·lecció:Библиотека всемирной литературы Т. 111
Серия вторая. Литература XIX века
Matèries:
Format: MixedMaterials Llibre
KOHA link:https://koha.lib.tpu.ru/cgi-bin/koha/opac-detail.pl?biblionumber=181243

MARC

LEADER 00000nam0a2200000 4500
001 181243
005 20231101223615.0
035 |a (RuTPU)RU\TPU\book\196475 
090 |a 181243 
100 |a 20100604d1971 cd y0rusy50 ca 
101 1 |a rus  |c eng 
102 |a RU 
105 |a a z 000ab 
200 1 |a Приключения Тома Сойера. Приключения Гекльберри Финна. Рассказы  |e пер. с англ.  |f М. Твен  |g авт. предисл. М. Мендельсон ; худож. В. Горяев 
210 |a Москва  |c Художественная литература  |d 1971 
215 |a 734 с., портр.  |c цв. ил. 
225 1 |a Библиотека всемирной литературы  |v Т. 111 
225 1 |a Серия вторая. Литература XIX века 
330 |a Произведения, вошедшие в настоящую книгу, многим хорошо знакомы. Но особенность творчества Марка Твена такова, что каждый раз, перечитывая даже любимые произведения, почти обязательно обнаруживаешь в них нечто неожиданное, новое, и в простом - довольно сложное, более содержательное, нежели представлялось в прошлом 
600 1 |a Твен  |b М.  |c американский писатель  |f 1835-1910  |g Марк  |c настоящие имя и фамилия Самюэл Ленгхорн Клеменс  |2 stltpush  |3 (RuTPU)RU\TPU\pers\15890 
610 1 |a детская литература 
610 1 |a рассказы 
610 1 |a приключения 
610 1 |a американская литература 
610 1 |a сатира 
610 1 |a юмор 
675 |a 82  |v 3 
700 1 |a Твен  |b М.  |c американский писатель  |c настоящие имя и фамилия Самюэл Ленгхорн Клеменс  |f 1835-1910  |g Марк  |2 stltpush  |3 (RuTPU)RU\TPU\pers\15890  |9 5545 
702 1 |a Мендельсон  |b М.  |4 080 
702 1 |a Горяев  |b В.  |4 440 
801 1 |a RU  |b 63413507  |c 20100604 
801 2 |a RU  |b 63413507  |c 20151019  |g RCR 
942 |c BK